000 00603nam a2200217 i 4500
001 bg
100 1 _aKRAWIEC, Frank
245 1 0 _aStrategiczne myślenie w firmie /
_cFrank Krawiec.
260 _aWarszawa :
_b"Difin",
_c2003.
300 _a228 s. :
_bil. ;
_c24 cm.
504 _aBibliogr.
650 9 _aZarządzanie strategiczne
020 _a8372513856
040 _cBPK
041 0 _apol
080 _a658.1/.5.012.4
920 _a83-7251-385-6
942 _cKS
008 s pl f |000 0 pol
999 _c43572
_d43572
856 _uhttp://koha.tu.koszalin.pl/cgi-bin/koha/opac-detail.pl?biblionumber=43572
_yKatalog online BPK